Every FIFA World Cup Goalscorer for Argentina - Statistics

General Stats
  • This quiz has been taken 71 times
  • The average score is 16 of 63
Answer Stats
Player % Correct
Lionel Messi
98%
Diego Maradona
84%
Ángel Di María
80%
Alexis Mac Allister
66%
Julián Álvarez
66%
Sergio Agüero
66%
Gonzalo Higuaín
64%
Carlos Tévez
59%
Enzo Fernández
58%
Gabriel Batistuta
56%
Mario Kempes
47%
Hernán Crespo
44%
Nahuel Molina
44%
Daniel Passarella
38%
Maxi Rodríguez
38%
Javier Zanetti
36%
Gabriel Heinze
34%
Esteban Cambiasso
33%
Marcos Rojo
31%
Claudio Caniggia
30%
Javier Saviola
28%
Jorge Burruchaga
28%
Martin Demichelis
28%
Gabriel Mercado
27%
Claudio López
25%
Martin Palermo
25%
Roberto Ayala
23%
Rubén Ayala
23%
Ariel Ortega
22%
Jorge Valdano
22%
Luis Monti
22%
José Luis Brown
20%
Guillermo Stábile
16%
Abel Balbo
14%
Daniel Bertoni
14%
Leopoldo Luque
13%
Oscar Ruggeri
13%
Osvaldo Ardiles
11%
Pedro Monzón
11%
Pedro Troglio
11%
Ramón Díaz
11%
Alberto Tarantini
9%
José Sanfilippo
9%
Pedro Pasculli
9%
René Houseman
9%
Ermindo Onega
8%
Mauricio Pineda
8%
Omar Oreste Corbatta
8%
Alberto Galateo
6%
Carlos Peucelle
6%
Ernesto Belis
6%
Luis Artime
6%
Mario Evaristo
6%
Miguel Ángel Brindisi
6%
Adolfo Zumelzú
5%
Alejandro Scopelli
5%
Carlos Babington
5%
Francisco Varallo
5%
Héctor Facundo
5%
Héctor Yazalde
5%
Ludovico Avio
5%
Norberto Menéndez
5%
Ramón Heredia
5%
No matching quizzes found
Score Distribution
Percent of People with Each Score
Percentile by Number Answered
Your Score History
You have not taken this quiz